000 00611nam a2200217Ia 4500
003 OSt
005 20221005133724.0
006 a|||||r|||| 00| 0
007 ta
008 221004b |||||||| |||| 00| 0 pan d
024 _a27667
037 _cTextual
040 _aCRL
_cCRL
_bpan
041 _2pan
_apan
082 _aU8.241'N68, 153M2
100 _aਰਤਨ, ਮੋਹਨ ਸਿੰਘ
245 0 _aਕFਮੀਰ ਵਾਦੀ ਦੀ ਯਾਤਰਾ
260 _c1982
942 _hU8.241'N68, 153M2
_cTEXL
_2cc
999 _c1067682
_d1067682